[Event "VI Festival A"]
[Site "Montecatini Terme ITA"]
[Date "1997.08.03"]
[Round "3"]
[White "Luciani, Valerio"]
[Black "De Kleuver, Esther"]
[Result "0-1"]
[WhiteElo "2225"]
[BlackElo "2180"]
[PlyCount "118"]
[EventDate "1997.08.01"]

1.e4 c5 2.Nc3 Nc6 3.g3 g6 4.Bg2 Bg7 5.d3 e6 6.Be3 d6 7.Qd2 Nge7 8.Nge2 Rb8
9.O-O b5 10.Rae1 b4 11.Nd1 a5 12.Bh6 O-O 13.Bxg7 Kxg7 14.Ne3 Bd7 15.f4 f5 
16.h3 Nd4 17.c3 Nxe2+ 18.Qxe2 Qc7 19.g4 bxc3 20.bxc3 fxe4 21.dxe4 Bb5 22.
c4 Bd7 23.Qf2 Nc6 24.f5 Qd8 25.Qg3 Ne5 26.Rd1 Qe7 27.f6+ Rxf6 28.Rxf6 Qxf6
29.Rxd6 Rb1+ 30.Kh2 Rb2 31.Nf5+ gxf5 32.g5 Nf3+ 33.Qxf3 Qe5+ 34.Qg3 Qxg3+ 
35.Kxg3 Ba4 36.Rxe6 f4+ 37.Kxf4 Rxg2 38.Ra6 Rc2 39.Kf5 Bd7+ 40.Ke5 Bxh3 
41.Rxa5 Rxc4 42.Ra7+ Kg6 43.Kf4 Rd4 44.Rc7 c4 45.Rc6+ Kg7 46.Rc7+ Kg8 47.
Ke5 Rd2 48.Rxc4 Rxa2 49.Rc6 Kg7 50.Rc7+ Kg6 51.Kf4 Ra6 52.Rb7 Rd6 53.Kg3 
Rd3+ 54.Kf4 Rd6 55.Kg3 Be6 56.Kf4 Bf7 57.Ra7 Re6 58.Ra1 Be8 59.Rh1 Rxe4+ 
0-1

[Event "VI Festival A"]
[Site "Montecatini Terme ITA"]
[Date "1997.08.03"]
[Round "3"]
[White "Ortega, Lexy"]
[Black "Gentilleau, Jean-Philippe"]
[Result "1-0"]
[WhiteElo "2470"]
[BlackElo "2230"]
[PlyCount "49"]
[EventDate "1997.08.01"]

1.d4 c5 2.d5 f5 3.Nc3 Nf6 4.f3 e5 5.e4 f4 6.Nh3 a6 7.d6 Nc6 8.Nxf4 exf4 9.
Bxf4 b5 10.e5 Nh5 11.Be3 Nd4 12.Nd5 Bb7 13.Nc7+ Kf7 14.Nxa8 Bxa8 15.Bxd4 
cxd4 16.Qxd4 Qg5 17.a4 Bc6 18.axb5 axb5 19.c4 b4 20.c5 Nf4 21.Bc4+ Kg6 22.
g3 Bxf3 23.gxf4 Qh4+ 24.Kd2 Bxh1 25.f5+ 1-0

[Event "VI Festival A"]
[Site "Montecatini Terme ITA"]
[Date "1997.08.03"]
[Round "3"]
[White "Rossi, Carlo"]
[Black "Farina, Saverio"]
[Result "1-0"]
[WhiteElo "2355"]
[BlackElo "2195"]
[PlyCount "59"]
[EventDate "1997.08.01"]

1.e4 e6 2.Nf3 d5 3.Nc3 c5 4.Bb5+ Nc6 5.O-O Nf6 6.e5 Nd7 7.Re1 Be7 8.d4 O-O
9.Bxc6 bxc6 10.Na4 cxd4 11.Qxd4 f6 12.Bf4 fxe5 13.Nxe5 Nxe5 14.Bxe5 Bf6 
15.Nc5 Bxe5 16.Rxe5 Qf6 17.c3 Rb8 18.b4 a5 19.a3 axb4 20.cxb4 Ra8 21.g3 h6
22.h4 g5 23.hxg5 hxg5 24.Qe3 Kh8 25.Kg2 Rf7 26.Rh1+ Rh7 27.Rxh7+ Kxh7 28.
Rxg5 Rxa3 29.Ne4 dxe4 30.Qxe4+ 1-0

[Event "VI Festival A"]
[Site "Montecatini Terme ITA"]
[Date "1997.08.03"]
[Round "3"]
[White "Sarno, Spartaco"]
[Black "Danieli, Enrico"]
[Result "1-0"]
[WhiteElo "2400"]
[BlackElo "1963"]
[PlyCount "111"]
[EventDate "1997.08.01"]

1.c4 Nf6 2.Nf3 e6 3.g3 b6 4.Bg2 Bb7 5.O-O Be7 6.b3 O-O 7.Bb2 c5 8.e3 Nc6 
9.Qe2 d5 10.Rd1 Qd7 11.d4 Rad8 12.Nc3 Qc8 13.Rac1 dxc4 14.bxc4 Qa8 15.d5 
Na5 16.e4 Ba6 17.d6 Bxc4 18.Qe1 Bxd6 19.e5 Nd5 20.exd6 Nc6 21.Qe4 Nxc3 22.
Bxc3 Bd5 23.Qg4 g5 24.Bf6 Rxd6 25.Qf4 e5 26.Nxe5 Rxf6 27.Qxf6 Bxg2 28.Ng4 
h5 29.Nh6+ Kh7 30.Nxf7 Qe8 31.Rd6 Be4 32.Re6 Qxf7 33.Qxf7+ Rxf7 34.Rxe4 
Nd4 35.Kg2 Kg7 36.Rce1 Nc6 37.Re6 Nb4 38.a4 Nc2 39.R1e4 Nd4 40.Re7 Nc6 41.
Rxf7+ Kxf7 42.Kf3 a6 43.Rf4+ Ke6 44.Rf8 Kd5 45.Ra8 a5 46.Ke3 c4 47.f4 Ne7 
48.Re8 Nf5+ 49.Kd2 Kd4 50.Rd8+ Kc5 51.Rg8 Ne7 52.Rg7 Nd5 53.Rg6 Kb4 54.Rd6
c3+ 55.Kd3 Kc5 56.Rxd5+ 1-0

[Event "VI Festival A"]
[Site "Montecatini Terme ITA"]
[Date "1997.08.03"]
[Round "3"]
[White "Sgnaolin, Davide"]
[Black "Everet, Alexandro"]
[Result "0-1"]
[WhiteElo "2055"]
[BlackElo "2225"]
[PlyCount "77"]
[EventDate "1997.08.01"]

1.e4 e5 2.Nf3 d6 3.d4 Nd7 4.Nc3 Ngf6 5.Bc4 h6 6.O-O Be7 7.h3 O-O 8.Be3 c6 
9.dxe5 dxe5 10.a4 Qc7 11.Qe2 Nc5 12.Nd2 Ne6 13.Nb3 b6 14.Rfd1 Nh7 15.Ba6 
Bd7 16.Qd2 Rad8 17.Bf1 Neg5 18.Qe2 Qc8 19.a5 Qc7 20.axb6 axb6 21.Ra6 Ra8 
22.Bxb6 Qb7 23.Bc5 Be6 24.Rda1 Bxc5 25.Nxc5 Rxa6 26.Rxa6 Qxb2 27.N3a4 Qc1 
28.Nd3 Qa1 29.Nac5 Qb1 30.Rxc6 Bc8 31.Nxe5 Nf6 32.f3 Nh5 33.Kh2 Qb8 34.g3 
Qxe5 35.f4 Nxf4 36.gxf4 Qxf4+ 37.Kh1 Bxh3 38.Bxh3 Nxh3 39.Qg2 0-1

[Event "VI Festival A"]
[Site "Montecatini Terme ITA"]
[Date "1997.08.03"]
[Round "3"]
[White "Vujovic, Milorad"]
[Black "Belotti, Bruno"]
[Result "1-0"]
[WhiteElo "2240"]
[BlackElo "2410"]
[PlyCount "83"]
[EventDate "1997.08.01"]

1.c4 g6 2.b3 Bg7 3.Nc3 Nf6 4.Bb2 O-O 5.g3 c6 6.Bg2 d5 7.cxd5 cxd5 8.Nf3 
Nc6 9.d4 Ne4 10.O-O Bf5 11.Rc1 Rc8 12.Na4 Qd7 13.Nc5 Nxc5 14.Rxc5 Nb4 15.
Qd2 Na6 16.Rcc1 Qb5 17.Ba3 Rfe8 18.h3 Be4 19.Rxc8 Rxc8 20.Bxe7 Qd7 21.Bg5 
f6 22.Be3 Rc2 23.Qa5 Bf8 24.Bd2 Qc8 25.Rd1 Nc7 26.Bf4 Ne6 27.Be3 Rxe2 28.
Qxa7 Rc2 29.Qa5 Kg7 30.Ne1 Qc7 31.Qa4 Bxg2 32.Nxc2 Bf3 33.Rc1 Qd6 34.Qe8 
h5 35.Qc8 g5 36.Qxb7+ Kh6 37.h4 Kg6 38.hxg5 fxg5 39.Ne1 Be4 40.Qc8 h4 41.
Qe8+ Kg7 42.Qc6 1-0

[Event "VI Festival A"]
[Site "Montecatini Terme ITA"]
[Date "1997.08.04"]
[Round "4"]
[White "Abramovic, Bosko"]
[Black "Satta, Vladimiro"]
[Result "1-0"]
[WhiteElo "2500"]
[BlackElo "2230"]
[PlyCount "79"]
[EventDate "1997.08.01"]

1.d4 d6 2.Nf3 Bg4 3.e4 e6 4.h3 Bxf3 5.Qxf3 Nd7 6.g3 c6 7.Bg2 d5 8.Nd2 dxe4
9.Nxe4 Ngf6 10.c3 Nxe4 11.Qxe4 Bd6 12.O-O O-O 13.Be3 Qc7 14.Rad1 Rfe8 15.
Rfe1 Rad8 16.Bg5 Be7 17.Bc1 Nf6 18.Qf3 Qb6 19.h4 Qa5 20.a3 Rd7 21.g4 Nd5 
22.g5 Qd8 23.Qg4 Bf8 24.h5 Ne7 25.Be4 g6 26.hxg6 hxg6 27.Kg2 Bg7 28.Rh1 
Qc8 29.Bf4 Nf5 30.Qh3 Qd8 31.Rdg1 Kf8 32.Qh7 a6 33.Rh3 a5 34.Rgh1 Nd6 35.
Bc2 Nc4 36.Bb3 Nb6 37.Qxg7+ Kxg7 38.Be5+ f6 39.gxf6+ Qxf6 40.Rh7+ 1-0

[Event "VI Festival A"]
[Site "Montecatini Terme ITA"]
[Date "1997.08.04"]
[Round "4"]
[White "Anagnostopoulos, Dimitri"]
[Black "Sarno, Spartaco"]
[Result "0-1"]
[WhiteElo "2515"]
[BlackElo "2400"]
[PlyCount "72"]
[EventDate "1997.08.01"]

1.e4 d6 2.d4 Nf6 3.Nc3 g6 4.Be3 Bg7 5.f3 c6 6.Qd2 b5 7.g4 O-O 8.O-O-O Qa5 
9.Kb1 Re8 10.h4 h5 11.gxh5 Nxh5 12.Bh3 Nd7 13.Qg2 Nb6 14.Bg4 Nc4 15.Bc1 b4
16.Nce2 Rb8 17.Rd3 Rb6 18.Bxh5 Ra6 19.a3 bxa3 20.b3 a2+ 21.Ka1 Na3 22.Bxa3
Qxa3 23.Nh3 Bxh3 24.Qxh3 Qc5 25.Bxg6 Qxc2 26.e5 Qxe2 27.Rg1 Qxe5 28.Be4 
Kf8 29.Rgd1 Qf6 30.Qd7 d5 31.Bf5 c5 32.Bg4 Qd6 33.Qxd6 exd6 34.Bd7 Re2 35.
Rc1 Ke7 36.Ba4 Rb6 0-1

[Event "VI Festival A"]
[Site "Montecatini Terme ITA"]
[Date "1997.08.04"]
[Round "4"]
[White "Arlandi, Ennio"]
[Black "Sciortino, Massimo"]
[Result "1-0"]
[WhiteElo "2470"]
[BlackElo "2205"]
[PlyCount "81"]
[EventDate "1997.08.01"]

1.d4 f5 2.g3 Nf6 3.Bg2 e6 4.Nf3 d5 5.O-O Bd6 6.c4 c6 7.b3 Qe7 8.Bb2 O-O 9.
Nbd2 Bd7 10.Ne5 Be8 11.Ndf3 Nbd7 12.Nd3 Bh5 13.Nfe5 Ng4 14.Qc2 g5 15.a4 a5
16.Nxg4 Bxg4 17.f3 Bh5 18.e4 fxe4 19.fxe4 dxe4 20.Bxe4 Nf6 21.Bg2 Bg6 22.
Qe2 Bh5 23.Qd2 Ng4 24.Rae1 h6 25.Rxf8+ Rxf8 26.Qe2 e5 27.Bf3 Qd7 28.dxe5 
Nf2 29.Bxh5 Nxd3 30.e6 Bc5+ 31.Kh1 Nf2+ 32.Kg2 Qd3 33.Bf7+ Kh7 34.Qe5 Rxf7
35.exf7 Kg6 36.Qf6+ Kh5 37.Qf3+ Qxf3+ 38.Kxf3 Nd3 39.Re2 Nxb2 40.Rxb2 Kg6 
41.Rd2 1-0

[Event "VI Festival A"]
[Site "Montecatini Terme ITA"]
[Date "1997.08.04"]
[Round "4"]
[White "Bellia, Fabrizio"]
[Black "Nurkic, Sahbaz"]
[Result "0-1"]
[WhiteElo "2340"]
[BlackElo "2430"]
[PlyCount "90"]
[EventDate "1997.08.01"]

1.e4 g6 2.d4 Bg7 3.Nf3 c6 4.Nc3 Nf6 5.e5 Nd5 6.Ne4 O-O 7.c4 Nc7 8.Bf4 d5 
9.exd6 exd6 10.Nxd6 Bg4 11.Be2 Ne6 12.Bg3 Bxf3 13.Bxf3 Nxd4 14.O-O Qb6 15.
Re1 Nd7 16.Rb1 a5 17.b3 Qb4 18.Re4 Ne6 19.Nxf7 Nec5 20.Nd6 Nxe4 21.Bxe4 
Ne5 22.f4 Nf7 23.Nxf7 Rxf7 24.Qd3 Re8 25.h3 Qa3 26.Rf1 a4 27.f5 Qe7 28.Bf3
Rxf5 29.Bd6 Qd7 30.Rd1 Bf8 31.c5 Qf7 32.bxa4 Qxa2 33.Bg4 Qf2+ 34.Kh2 Rd5 
35.Qf1 Qxf1 36.Rxf1 Bxd6+ 37.cxd6 Rxd6 38.Rb1 Re7 39.Bc8 Rd8 40.Rxb7 Rxb7 
41.Bxb7 c5 42.Kg3 c4 43.Kf3 c3 44.Be4 Rf8+ 45.Kg3 Re8 0-1

[Event "VI Festival A"]
[Site "Montecatini Terme ITA"]
[Date "1997.08.04"]
[Round "4"]
[White "Colovic, Aleksandar"]
[Black "Lalic, Bogdan"]
[Result "1/2-1/2"]
[WhiteElo "2360"]
[BlackElo "2600"]
[PlyCount "46"]
[EventDate "1997.08.01"]

1.e4 e5 2.Nf3 Nc6 3.Bb5 a6 4.Ba4 Nf6 5.O-O b5 6.Bb3 Bc5 7.Nxe5 Nxe5 8.d4 
Bxd4 9.Qxd4 d6 10.c3 O-O 11.f3 h6 12.a4 Be6 13.Bc2 Nc6 14.Qf2 b4 15.Nd2 
Qb8 16.Kh1 Qa7 17.Qg3 bxc3 18.bxc3 Qe3 19.f4 Qxg3 20.hxg3 Rfb8 21.Nf3 Bb3 
22.Bd3 Nd7 23.Be3 Na5 1/2-1/2

[Event "VI Festival A"]
[Site "Montecatini Terme ITA"]
[Date "1997.08.04"]
[Round "4"]
[White "Drasko, Milan"]
[Black "Greenfeld, Alon"]
[Result "1/2-1/2"]
[WhiteElo "2520"]
[BlackElo "2540"]
[PlyCount "41"]
[EventDate "1997.08.01"]

1.d4 Nf6 2.c4 c5 3.d5 b5 4.cxb5 a6 5.bxa6 g6 6.Nc3 Bxa6 7.g3 d6 8.Bg2 Bg7 
9.Rb1 Nbd7 10.b3 Bb7 11.Nf3 Qa5 12.Bd2 Qb6 13.Nh4 e6 14.dxe6 fxe6 15.O-O 
O-O 16.Bg5 Bxg2 17.Nxg2 Qc6 18.Qc2 Ng4 19.h3 Nge5 20.Rbd1 d5 21.a4 1/2-1/2

[Event "VI Festival A"]
[Site "Montecatini Terme ITA"]
[Date "1997.08.04"]
[Round "4"]
[White "Efimov, Igor"]
[Black "Corvi, Marco"]
[Result "1-0"]
[WhiteElo "2540"]
[BlackElo "2260"]
[PlyCount "87"]
[EventDate "1997.08.01"]

1.Nf3 f5 2.d3 Nf6 3.e4 fxe4 4.dxe4 Nxe4 5.Bd3 d5 6.Bxe4 dxe4 7.Qxd8+ Kxd8 
8.Ng5 Ke8 9.Nc3 Bf5 10.Ngxe4 Na6 11.Bd2 e6 12.O-O-O h6 13.Rhe1 Kf7 14.Bf4 
Be7 15.Nb5 Rad8 16.Nd4 c6 17.Ng3 g6 18.Nf3 Nb4 19.Ne5+ Kf6 20.Nxf5 exf5 
21.Rd7 Nd5 22.Bd2 Bd6 23.Rf7+ Ke6 24.Rxb7 Bxe5 25.f4 Nxf4 26.Bxf4 Rd5 27.
Rxa7 g5 28.Bxe5 Rxe5 29.Re7+ Kxe7 30.Rxe5+ Kf6 31.Rc5 f4 32.Rxc6+ Kf5 33.
Rc5+ Ke4 34.Kd2 g4 35.Ke2 h5 36.Rc7 h4 37.h3 gxh3 38.gxh3 Rg8 39.Kf2 Rg3 
40.Rc3 Rg7 41.a4 Rb7 42.Rc4+ Ke5 43.b3 Rg7 44.a5 1-0

[Event "VI Festival A"]
[Site "Montecatini Terme ITA"]
[Date "1997.08.04"]
[Round "4"]
[White "Everet, Alexandro"]
[Black "Borgo, Giulio"]
[Result "1-0"]
[WhiteElo "2225"]
[BlackElo "2370"]
[PlyCount "159"]
[EventDate "1997.08.01"]

1.d4 Nf6 2.c4 e6 3.Nc3 d5 4.cxd5 exd5 5.e3 c6 6.Bd3 Bd6 7.Nge2 O-O 8.h3 
Nbd7 9.O-O Re8 10.Qc2 Nf8 11.f3 Ne6 12.Kh1 Bc7 13.Bd2 Qd6 14.f4 Bd7 15.Rf2
c5 16.b3 Rac8 17.Qb2 cxd4 18.Nxd4 Nxd4 19.exd4 Bb6 20.Ne2 a6 21.Ng3 h5 22.
Nf5 Bxf5 23.Bxf5 Ne4 24.Rf3 Rc7 25.Be3 Rce7 26.Bxe4 Rxe4 27.Qd2 Qe7 28.Bg1
Re2 29.Qd3 Qe4 30.a4 Bc7 31.Raf1 Qxd3 32.Rxd3 f5 33.Rc3 Bd6 34.Rff3 Kf7 
35.g3 Rb2 36.Rfe3 Re4 37.Rcd3 h4 38.gxh4 Bxf4 39.Rf3 g6 40.Rd1 Kg7 41.Rdf1
Bd6 42.h5 f4 43.hxg6 Kxg6 44.R1f2 Rb1 45.Rf1 Ree1 46.Rxe1 Rxe1 47.Kg2 Rb1 
48.Bf2 Kf5 49.Rc3 Bb4 50.Rc7 Rxb3 51.Rf7+ Ke4 52.h4 Bd6 53.h5 f3+ 54.Kh3 
Rb2 55.Bh4 Rh2+ 56.Kg4 Rg2+ 57.Kh3 Rh2+ 58.Kg4 Rg2+ 59.Kh3 Bf4 60.Re7+ Kf5
61.Rf7+ Ke4 62.Re7+ Kxd4 63.Rf7 Ke4 64.Re7+ Kd4 65.Rf7 Ke4 66.Re7+ Be5 67.
Bf6 Rh2+ 68.Kg4 Rxh5 69.Kxh5 f2 70.Rxe5+ Kf4 71.Kg6 Kg3 72.Rf5 Kg2 73.Bd4 
f1=Q 74.Rxf1 Kxf1 75.Kf5 b5 76.a5 Ke2 77.Ke5 Kd3 78.Kxd5 b4 79.Bf6 b3 80.
Kc5 1-0

[Event "VI Festival A"]
[Site "Montecatini Terme ITA"]
[Date "1997.08.04"]
[Round "4"]
[White "Godena, Michele"]
[Black "Ulibin, Mikhail"]
[Result "0-1"]
[WhiteElo "2515"]
[BlackElo "2535"]
[PlyCount "80"]
[EventDate "1997.08.01"]

1.e4 e6 2.d4 d5 3.Nd2 Nf6 4.e5 Nfd7 5.c3 c5 6.Bd3 Nc6 7.Ne2 cxd4 8.cxd4 f6
9.exf6 Nxf6 10.Nf3 Bd6 11.O-O O-O 12.Bf4 Bxf4 13.Nxf4 Qd6 14.g3 Qb4 15.Rb1
Bd7 16.Re1 Rae8 17.Bc2 Qb6 18.b4 a6 19.Qd3 Ne4 20.Rxe4 dxe4 21.Qxe4 g6 22.
d5 e5 23.Ne6 Bxe6 24.dxe6 Kh8 25.Bb3 Rf5 26.Bd5 Ne7 27.Bxb7 Ref8 28.Rb3 
R5f6 29.Bd5 Nxd5 30.Qxd5 Qxe6 31.Qxe6 Rxe6 32.Re3 Ref6 33.Nxe5 Rxf2 34.a3 
Ra2 35.Nd7 Rc8 36.Nc5 Rd8 37.Rf3 Rd1+ 38.Rf1 Rdd2 39.Rf8+ Kg7 40.Ne6+ Kh6 
0-1

[Event "VI Festival A"]
[Site "Montecatini Terme ITA"]
[Date "1997.08.04"]
[Round "4"]
[White "Jurkovic, Ante"]
[Black "Bojkovic, Natasa"]
[Result "1-0"]
[WhiteElo "2335"]
[BlackElo "2415"]
[PlyCount "63"]
[EventDate "1997.08.01"]

1.e4 c5 2.Nf3 Nc6 3.d4 cxd4 4.Nxd4 g6 5.Nc3 Bg7 6.Be3 Nf6 7.Bc4 Qa5 8.O-O 
O-O 9.Bb3 d6 10.h3 Bd7 11.f4 Qh5 12.Nf3 Rac8 13.Qe1 Qa5 14.Rd1 Rcd8 15.Qh4
Qh5 16.Qf2 b6 17.Rfe1 Bc8 18.Re2 b5 19.Nd4 Nxd4 20.Bxd4 b4 21.Nd5 Nxd5 22.
exd5 e5 23.fxe5 dxe5 24.Bxa7 Rfe8 25.d6 Be6 26.d7 Re7 27.Red2 Bh6 28.Rd6 
Bxd7 29.Bb6 e4 30.Bxd8 e3 31.Qf3 e2 32.Qxh5 1-0

[Event "VI Festival A"]
[Site "Montecatini Terme ITA"]
[Date "1997.08.04"]
[Round "4"]
[White "Manca, Federico"]
[Black "Gleizerov, Evgeny"]
[Result "1-0"]
[WhiteElo "2355"]
[BlackElo "2560"]
[PlyCount "93"]
[EventDate "1997.08.01"]

1.e4 e6 2.d4 d5 3.Nc3 Nf6 4.Bg5 Be7 5.e5 Nfd7 6.h4 c5 7.Bxe7 Kxe7 8.Nf3 
cxd4 9.Qxd4 Nc6 10.Qd2 Ndxe5 11.Nxe5 Nxe5 12.O-O-O f6 13.g4 Bd7 14.f4 Nc6 
15.Nxd5+ exd5 16.Qxd5 Qc7 17.Bc4 Rae8 18.Qf7+ Kd8 19.Rxd7+ Qxd7 20.Rd1 Nd4
21.Qxd7+ Kxd7 22.Bb5+ Kc7 23.Bxe8 Ne2+ 24.Kd2 Nxf4 25.Bb5 Rd8+ 26.Bd3 Nxd3
27.cxd3 Rd4 28.Rg1 Kd6 29.Ke3 Rb4 30.Rg2 g6 31.h5 Ke5 32.h6 a6 33.Rc2 Rxg4
34.Rc7 Rg3+ 35.Kd2 Rh3 36.Rxh7 Rh2+ 37.Kc3 g5 38.d4+ Kd5 39.Rh8 Rh3+ 40.
Kd2 Rh2+ 41.Ke3 Rh3+ 42.Ke2 Ke4 43.d5 Rh2+ 44.Ke1 Kf3 45.d6 Re2+ 46.Kd1 
Re6 47.Rd8 1-0

[Event "VI Festival A"]
[Site "Montecatini Terme ITA"]
[Date "1997.08.04"]
[Round "4"]
[White "Mantovani, Renzo"]
[Black "Mariano, Elia"]
[Result "1-0"]
[WhiteElo "2375"]
[BlackElo "2145"]
[PlyCount "61"]
[EventDate "1997.08.01"]

1.d4 d5 2.c4 e6 3.Nc3 Be7 4.Nf3 Nf6 5.Bg5 Nbd7 6.e3 O-O 7.cxd5 exd5 8.Qc2 
c6 9.Bd3 Re8 10.O-O Ne4 11.Bxe4 Bxg5 12.Bxh7+ Kh8 13.Nxg5 Qxg5 14.Bf5 Nf6 
15.Bxc8 Raxc8 16.Qe2 Ne4 17.Qf3 f5 18.Nxe4 Rxe4 19.b4 Rce8 20.g3 R8e6 21.
Rfc1 Rh6 22.b5 Reh4 23.bxc6 bxc6 24.Rab1 Rxh2 25.Rxc6 Rh1+ 26.Qxh1 Rxh1+ 
27.Kxh1 f4 28.exf4 Qf5 29.Re1 Qd3 30.Kg2 Qxd4 31.Re7 1-0

[Event "VI Festival A"]
[Site "Montecatini Terme ITA"]
[Date "1997.08.04"]
[Round "4"]
[White "Mariotti, Sergio"]
[Black "Scavo, Fernando"]
[Result "1-0"]
[WhiteElo "2395"]
[BlackElo "2185"]
[PlyCount "62"]
[EventDate "1997.08.01"]

1.d4 e6 2.g3 c5 3.Nf3 Nf6 4.Bg2 d5 5.O-O Nc6 6.c4 Be7 7.cxd5 exd5 8.dxc5 
Bxc5 9.Bg5 Be6 10.Nc3 O-O 11.Rc1 Bb6 12.Na4 h6 13.Bxf6 Qxf6 14.Nxb6 axb6 
15.Qb3 Ra6 16.a3 Rd8 17.Qb5 Bf5 18.Rfd1 Be4 19.Rd2 g6 20.Rcd1 h5 21.Ne1 
Bxg2 22.Kxg2 h4 23.Nf3 hxg3 24.hxg3 d4 25.e3 d3 26.Rxd3 Rxd3 27.Rxd3 Ra5 
28.Qxb6 Rf5 29.e4 Rh5 30.Qxb7 Ne5 31.Qc8+ Kh7 1-0

[Event "VI Festival A"]
[Site "Montecatini Terme ITA"]
[Date "1997.08.04"]
[Round "4"]
[White "Rossi, Carlo"]
[Black "Farago, Ivan"]
[Result "0-1"]
[WhiteElo "2355"]
[BlackElo "2445"]
[PlyCount "88"]
[EventDate "1997.08.01"]

1.e4 e6 2.Nf3 c5 3.d3 Nc6 4.g3 d5 5.Bg5 Be7 6.Bxe7 Ngxe7 7.Nc3 d4 8.Ne2 e5
9.h3 f6 10.Nd2 Be6 11.Bg2 g5 12.f4 gxf4 13.gxf4 Qd7 14.f5 Bf7 15.Bf3 O-O-O
16.O-O Kb8 17.a3 Nc8 18.Qe1 c4 19.Qh4 c3 20.bxc3 dxc3 21.Nb1 Nd4 22.Nbxc3 
Nxc2 23.Rac1 Nxa3 24.Qxf6 Qe7 25.Nd5 Qxf6 26.Nxf6 Rxd3 27.Rc3 Rd6 28.Ng4 
Nc4 29.f6 h5 30.Rxc4 hxg4 31.Rxc8+ Rxc8 32.Bxg4 Rcc6 33.Rf5 Rxf6 34.Rxe5 
Be6 35.Nd4 Rc1+ 36.Kg2 Bxg4 37.hxg4 Rd6 38.Nf3 a6 39.Re8+ Rc8 40.Re7 a5 
41.e5 Rb6 42.Rf7 a4 43.Rf4 a3 44.Ra4 Ra6 0-1

[Event "VI Festival A"]
[Site "Montecatini Terme ITA"]
[Date "1997.08.05"]
[Round "5"]
[White "Bojkovic, Natasa"]
[Black "Ranieri, Fabrizio"]
[Result "1-0"]
[WhiteElo "2415"]
[BlackElo "2200"]
[PlyCount "47"]
[EventDate "1997.08.01"]

1.e4 e6 2.d3 d5 3.Qe2 Nf6 4.Nf3 Be7 5.g3 O-O 6.e5 Nfd7 7.Bg2 c5 8.c4 Nc6 
9.O-O Qc7 10.Bf4 dxc4 11.dxc4 a6 12.Nbd2 b6 13.h4 Bb7 14.Rad1 b5 15.a3 Nb6
16.Rfe1 b4 17.Ne4 Na5 18.Nf6+ Kh8 19.Ng5 h6 20.Bxb7 Qxb7 21.Qh5 Rad8 22.
Rxd8 Bxd8 23.Nge4 Nd7 24.Bxh6 1-0

[Event "VI Festival A"]
[Site "Montecatini Terme ITA"]
[Date "1997.08.05"]
[Round "5"]
[White "Ciolac, Gheorghe"]
[Black "Sax, Gyula"]
[Result "1/2-1/2"]
[WhiteElo "2385"]
[BlackElo "2570"]
[PlyCount "42"]
[EventDate "1997.08.01"]

1.e4 c5 2.Nc3 e6 3.Nge2 a6 4.g3 b5 5.Bg2 Bb7 6.a3 Nf6 7.d3 d6 8.O-O Nc6 9.
h3 Be7 10.Be3 O-O 11.Qd2 Rc8 12.Rae1 Qa5 13.Ra1 Rfd8 14.g4 h6 15.Ng3 Qc7 
16.f4 d5 17.exd5 exd5 18.Bf2 d4 19.Nce4 Nxe4 20.Nxe4 Nb8 21.a4 c4 1/2-1/2

[Event "VI Festival A"]
[Site "Montecatini Terme ITA"]
[Date "1997.08.05"]
[Round "5"]
[White "Colovic, Aleksandar"]
[Black "Godena, Michele"]
[Result "1/2-1/2"]
[WhiteElo "2360"]
[BlackElo "2515"]
[PlyCount "38"]
[EventDate "1997.08.01"]

1.e4 e5 2.Nf3 Nc6 3.Bb5 a6 4.Ba4 Nf6 5.O-O b5 6.Bb3 Bc5 7.Nxe5 Nxe5 8.d4 
Bxd4 9.Qxd4 d6 10.c3 Bb7 11.f3 c5 12.Qd1 O-O 13.Bg5 h6 14.Bh4 Re8 15.Nd2 
Ng6 16.Bf2 Nf4 17.Bh4 Ng6 18.Bf2 Nf4 19.Bh4 Ng6 1/2-1/2

[Event "VI Festival A"]
[Site "Montecatini Terme ITA"]
[Date "1997.08.05"]
[Round "5"]
[White "Everet, Alexandro"]
[Black "Nataf, Igor-Alexandre"]
[Result "0-1"]
[WhiteElo "2225"]
[BlackElo "2440"]
[PlyCount "98"]
[EventDate "1997.08.01"]

1.d4 Nf6 2.c4 g6 3.Nc3 Bg7 4.e4 d6 5.Bd3 O-O 6.Nge2 Nc6 7.Be3 Ng4 8.Qd2 
Nxe3 9.Qxe3 e5 10.dxe5 dxe5 11.Nd5 a5 12.O-O Nd4 13.c5 Be6 14.Nxd4 exd4 
15.Qf3 Kh8 16.Rac1 f5 17.Nf4 fxe4 18.Bxe4 Bxa2 19.Qg4 Qf6 20.g3 c6 21.Qh3 
Kg8 22.Ra1 Bb3 23.Bd3 a4 24.Rfc1 Rae8 25.Re1 Qf7 26.Rec1 Be5 27.Re1 Bxf4 
28.gxf4 Qxf4 29.Qg3 Qxg3+ 30.hxg3 Kg7 31.Kf1 g5 32.Kg2 h5 33.Kg1 Kf6 34.f3
Kg7 35.Kf2 Rxe1 36.Rxe1 Bd5 37.Be2 Bxf3 38.Bxf3 g4 39.Re7+ Kg6 40.Rxb7 
Rxf3+ 41.Ke2 Rxg3 42.Rb6 Re3+ 43.Kf2 Re6 44.Rb4 d3 45.Rd4 Re2+ 46.Kf1 Rxb2
47.Rxd3 h4 48.Rd6+ Kg5 49.Rxc6 a3 0-1

[Event "VI Festival A"]
[Site "Montecatini Terme ITA"]
[Date "1997.08.05"]
[Round "5"]
[White "Farago, Ivan"]
[Black "Sarno, Spartaco"]
[Result "1/2-1/2"]
[WhiteElo "2445"]
[BlackElo "2400"]
[PlyCount "41"]
[EventDate "1997.08.01"]

1.d4 Nf6 2.c4 g6 3.Nc3 d5 4.Nf3 Bg7 5.Qb3 dxc4 6.Qxc4 O-O 7.e4 Na6 8.Be2 
c5 9.d5 e6 10.O-O exd5 11.exd5 Bf5 12.Be3 Re8 13.Rad1 Rc8 14.a3 Nb8 15.h3 
a6 16.d6 b5 17.Qh4 Nbd7 18.Bd3 Bxd3 19.Rxd3 Qb6 20.Rfd1 Qb7 21.Bh6 1/2-1/2

[Event "VI Festival A"]
[Site "Montecatini Terme ITA"]
[Date "1997.08.05"]
[Round "5"]
[White "Genocchio, Daniele"]
[Black "Rossi, Carlo"]
[Result "0-1"]
[WhiteElo "2215"]
[BlackElo "2355"]
[PlyCount "78"]
[EventDate "1997.08.01"]

1.e4 Nf6 2.e5 Ng8 3.Nf3 d5 4.exd6 cxd6 5.d4 g6 6.Bc4 Bg7 7.O-O d5 8.Bd3 
Nc6 9.c3 Nf6 10.h3 Bf5 11.Bxf5 gxf5 12.Bf4 Ne4 13.b4 e6 14.Qd3 O-O 15.Nbd2
Rc8 16.Rfc1 Kh8 17.Qe3 Rg8 18.Ne1 Qh4 19.Ndf3 Qh5 20.Nd3 f6 21.Kf1 b6 22.
c4 dxc4 23.Rxc4 Ne7 24.Rac1 Rce8 25.R1c2 Nd5 26.Qc1 Bf8 27.a3 Re7 28.Nfe1 
Reg7 29.Rc6 Rxg2 30.Nxg2 Qxh3 31.Ne1 Rxg2 32.Nxg2 Qh1+ 33.Ke2 Qxg2 34.Kd3 
Qf3+ 35.Be3 b5 36.Rd2 f4 37.Qe1 fxe3 38.fxe3 Nf4+ 39.Kc2 Nxd2 0-1

[Event "VI Festival A"]
[Site "Montecatini Terme ITA"]
[Date "1997.08.05"]
[Round "5"]
[White "Greenfeld, Alon"]
[Black "Manca, Federico"]
[Result "1/2-1/2"]
[WhiteElo "2540"]
[BlackElo "2355"]
[PlyCount "103"]
[EventDate "1997.08.01"]

1.d4 Nf6 2.Nf3 g6 3.c4 Bg7 4.Nc3 O-O 5.e4 d6 6.Be2 c5 7.O-O cxd4 8.Nxd4 
Nc6 9.Be3 Bd7 10.Qd2 Nxd4 11.Bxd4 Bc6 12.f3 a5 13.b3 Nd7 14.Be3 Nc5 15.
Rab1 Kh8 16.Rfd1 Rg8 17.Nd5 Qf8 18.Kh1 f5 19.exf5 gxf5 20.Nc7 Rc8 21.Qxa5 
Be5 22.Bf1 Qf7 23.Nd5 e6 24.Bf4 Nd7 25.Bxe5+ Nxe5 26.Nf4 Qe7 27.Qc3 Rg7 
28.c5 Bd7 29.cxd6 Rxc3 30.dxe7 Rxe7 31.Re1 Ng6 32.Nxg6+ hxg6 33.Rbc1 Rxc1 
34.Rxc1 Bc6 35.b4 Kg7 36.Kg1 Rd7 37.Bc4 Kf6 38.Rc2 Rd1+ 39.Kf2 Rb1 40.a3 
e5 41.h4 e4 42.f4 Ra1 43.Rc3 Rb1 44.g3 Ke7 45.Ke3 Be8 46.Be2 Kd6 47.g4 
fxg4 48.Bxg4 Rh1 49.Rc8 Rxh4 50.Rxe8 Rxg4 51.a4 g5 52.fxg5 1/2-1/2

[Event "VI Festival A"]
[Site "Montecatini Terme ITA"]
[Date "1997.08.05"]
[Round "5"]
[White "Lalic, Bogdan"]
[Black "Bellini, Fabio"]
[Result "1/2-1/2"]
[WhiteElo "2600"]
[BlackElo "2415"]
[PlyCount "57"]
[EventDate "1997.08.01"]

1.c4 Nf6 2.Nc3 e6 3.e4 d5 4.e5 d4 5.exf6 dxc3 6.bxc3 Qxf6 7.Nf3 e5 8.Bd3 
Bd6 9.O-O O-O 10.Be4 Nc6 11.d4 exd4 12.cxd4 Bg4 13.Be3 Rad8 14.h3 Bxf3 15.
Qxf3 Be7 16.Bxc6 Qxc6 17.Qxc6 bxc6 18.Rab1 Rb8 19.c5 Bf6 20.Rb3 Rxb3 21.
axb3 Rd8 22.Ra1 Bxd4 23.Rxa7 Bxe3 24.fxe3 Rc8 25.Ra6 Kf8 26.Rxc6 Ke7 27.b4
Kd7 28.Ra6 Rb8 29.Ra4 1/2-1/2

[Event "VI Festival A"]
[Site "Montecatini Terme ITA"]
[Date "1997.08.05"]
[Round "5"]
[White "Mambrini, Augusto"]
[Black "Belotti, Bruno"]
[Result "0-1"]
[WhiteElo "2180"]
[BlackElo "2410"]
[PlyCount "84"]
[EventDate "1997.08.01"]

1.c4 Nf6 2.Nc3 g6 3.g3 Bg7 4.Bg2 O-O 5.e3 e5 6.Nge2 d6 7.O-O Re8 8.d4 e4 
9.Qc2 Bf5 10.b3 Nbd7 11.h3 h5 12.b4 Nf8 13.Bb2 N8h7 14.Nf4 Qd7 15.Qe2 c6 
16.Kh2 Ng5 17.Rh1 Rac8 18.Rac1 Nfh7 19.Nb1 Nf3+ 20.Bxf3 exf3 21.Qxf3 Be4 
22.Qd1 Bxh1 23.Qxh1 Qf5 24.Nd2 g5 25.e4 Qf6 26.Nd3 g4 27.h4 Bh6 28.Rd1 d5 
29.cxd5 cxd5 30.e5 Qf5 31.Nb3 Red8 32.Nbc5 Rc7 33.Qe1 Nf8 34.Bc1 Bxc1 35.
Nxc1 b6 36.N5d3 Ne6 37.Qe3 Qf3 38.Qxf3 gxf3 39.Nf4 Rc4 40.Nb3 Rc2 41.Kg1 
Nxf4 42.gxf4 Rdc8 0-1

[Event "VI Festival A"]
[Site "Montecatini Terme ITA"]
[Date "1997.08.05"]
[Round "5"]
[White "Mantovani, Renzo"]
[Black "Horvath, Jozsef"]
[Result "0-1"]
[WhiteElo "2375"]
[BlackElo "2525"]
[PlyCount "60"]
[EventDate "1997.08.01"]

1.d4 Nf6 2.Nf3 g6 3.Bg5 Bg7 4.Nbd2 d5 5.e3 O-O 6.Bd3 Nbd7 7.O-O c6 8.c3 
Re8 9.Bf4 Nh5 10.Re1 Nxf4 11.exf4 c5 12.Bb5 cxd4 13.Nxd4 e6 14.N2f3 Re7 
15.Bf1 Qb6 16.Qc2 Nc5 17.Rad1 Bd7 18.Qb1 Ba4 19.Rc1 Rae8 20.g3 a6 21.h4 f6
22.b3 Bd7 23.b4 Ne4 24.c4 e5 25.c5 Qc7 26.fxe5 fxe5 27.Nb3 Nxg3 28.fxg3 e4
29.Nh2 Qxg3+ 30.Bg2 Rf7 0-1